Logo BPK

Bibliografia Prac Pracowników

Politechniki Koszalińskiej

Zastosowanie dekonwolucji dwuwymiarowej w przetwarzaniu obrazów termicznych / (Rekord nr 232)

Szczegóły MARC
000 -ETYKIETA REKORDU
podpole kontrolne o stałej długości 01649naa a2200265 i 4500
001 - NUMER KONTROLNY REKORDU
podpole kontrolne BPP
003 - IDENTYFIKATOR NUMERU KONTROLNEGO REKORDU
podpole kontrolne BPK
005 - DATA OSTATNIEJ MODYFIKACJI REKORDU
podpole kontrolne 20180213152636.0
008 - POLE O STAŁEJ DŁUGOŚCI - DANE KONTROLNE
podpole kontrolne o stałej długości 151110s2000 pl f |100 p pol
040 ## - ŹRÓDŁO KATALOGOWANIA
Instytucja, która utworzyła rekord BPK
080 ## - UNIWERSALNA KLASYFIKACJA DZIESIĘTNA - UKD
UKD 004.932
100 ## - NAZWA OSOBOWA
Nazwa osobowa DZIURA, Stanisław.
Lata pracy 1996 - .
Instytucja Politechnika Koszalińska - Wydział Elektroniki,
Wydział Katedra Elementów i Miernictwa Elektronicznego
245 ## - TYTUŁ/ODPOWIEDZIALNOŚĆ
Tytuł Zastosowanie dekonwolucji dwuwymiarowej w przetwarzaniu obrazów termicznych /
Pozostałe elementy strefy tytułu i oznaczenia odpowiedzialności Stanisław Dziura, Zbigniew Suszyński.
260 ## - STREFA ADRESU WYDAWNICZEGO
Data publikacji, dystrybucji/powstania dokumentu 2000.
500 ## - UWAGI OGÓLNE
Tekst uwagi sprawozdanie jednostki (Informator o publikowanych wynikach prac naukowo-badawczych w 2000 roku Wydziału Elektroniki).
520 ## - UWAGA DOTYCZĄCA TREŚCI DOKUMENTU
Analiza dokumentacyjna, adnotacja itp. W artykule prezentuje się dekonwolucyjną metodę poprawy rozdzielczości obrazów termicznych zarejestrowanych kamerą termowizyjną. Obrazy te charakteryzują się stosunkowo małą rozdzielczością przestrzenną. Zaproponowano wykorzystanie operacji dekonwolucji z funkcją wagi w postaci dwuwymiarowej funkcji Gaussa. Do rozwiązania problemu zastosowano metodę algebraiczną. Wyniki uzyskano poprzez symulację obrazów tranzystora bipolarnego zarejestrowanego w podczerwieni.
650 #0 - HASŁO PRZEDMIOTOWE W FORMIE NAZWY OGÓLNEJ LUB JEDNOSTKOWEJ
Nazwa ogólna lub geograficzna Przetwarzanie obrazów.
650 #0 - HASŁO PRZEDMIOTOWE W FORMIE NAZWY OGÓLNEJ LUB JEDNOSTKOWEJ
Nazwa ogólna lub geograficzna Symulacja.
650 #0 - HASŁO PRZEDMIOTOWE W FORMIE NAZWY OGÓLNEJ LUB JEDNOSTKOWEJ
Nazwa ogólna lub geograficzna Tranzystory.
655 #0 - TERMIN INDEKSOWY - OKREŚLENIE RODZAJU/FORMY DOKUMENTU
Określnie rodzaju/formy dokumentu Materiały konferencyjne.
773 ## - TYTUŁ DOKUMENTU MACIERZYSTEGO
Wyrażenie wprowadzające W :
Tytuł II Konferencja Grantowa Metrologia. -
Adres wydawniczy Rzeszów, 2000. -
Informacje dotyczące relacji s. 19-24
700 ## - HASŁO DODATKOWE - NAZWA OSOBOWA
Nazwa osobowa SUSZYŃSKI, Zbigniew.
Lata pracy 1996 - .
Instytucja Politechnika Koszalińska - Wydział Elektroniki,
Wydział Katedra Elektroniki Ciała Stałego
711 ## - HASŁO DODATKOWE - NAZWA IMPREZY
Nazwa imprezy Metrologia 2000
Oznaczenie części/sekcji dzieła (2 ;
Data imprezy 2000 ;
Miejsce imprezy Rzeszów / Jawor, Polska).
942 ## - HASŁO DODATKOWE - ELEMENTY(KOHA)
Typ dokumentu Artykuł
Schemat klasyfikacji Uniwersalna klasyfikacja dziesiętna

Brak dostępnych egzemplarzy.

© 2014 Biblioteka Politechniki Koszalińskiej :: BIBLIOGRAFIA PRAC PRACOWNIKÓW